[Event "Dhaka Chowdhury Memorial op-B 2nd"]
[Site "Dhaka"]
[Date "2022.07.07"]
[Round "8"]
[White "Md, Hasan"]
[Black "Md Sagor"]
[Result "1-0"]
[WhiteElo "1721"]
[BlackElo "1997"]
[PlyCount "83"]
[EventDate "2022.07.02"]
[EventType "swiss"]
[EventRounds "9"]
[EventCountry "BAN"]
[SourceTitle "EXT 2024"]
[Source "ChessBase"]
[SourceDate "2023.10.10"]
[SourceVersion "1"]
[SourceVersionDate "2023.10.10"]
[SourceQuality "1"]

1. e4 c5 2. c3 e6 3. Nf3 a6 4. d4 cxd4 5. cxd4 Nf6 6. Nc3 Bb4 7. Bd3 Qc7 8. Bd2 0-0 9. e5 Bxc3 10. bxc3 Ne8 11. Bxh7+ Kh8 12. Bd3 g6 13. h4 Ng7 14. Qe2 d5 15. Qe3 Nf5 16. Bxf5 gxf5 17. Qh6+ Kg8 18. Rh3 f4 19. Qxf4 f6 20. Rg3+ Kf7 21. Qh6 Ke8 22. Rg7 Nd7 23. exf6 Qd6 24. Bg5 Kd8 25. f7+ Kc7 26. Bf4 e5 27. dxe5 Qxh6 28. Bxh6 Nc5 29. Rh7 Nd3+ 30. Kd2 Bf5 31. Bxf8 Rxf8 32. Rg7 Nxf2 33. Nd4 Ne4+ 34. Ke3 Bc8 35. h5 Kd8 36. e6 Ke7 37. Rf1 Bxe6 38. Nxe6 Kxe6 39. h6 Nd6 40. h7 Nxf7 41. Rfxf7 Rxf7 42. Rxf7 1-0